000 00314nam a22001337a 4500
020 _a9693515005
040 _cNust
082 _a891.4392
_bTAR
100 _aMustansar Hussain Tarar
_99703
245 _aPutli Peking Ki
260 _aLahore;
_bSang-e-Mil,
_c2003.
650 _2Putli Peking Ki
942 _2ddc
_cBK
999 _c610855
_d610855